Marines (Record no. 50354)

MARC details
000 -LEADER
fixed length control field 00565nam a2200169 a 4500
008 - FIXED-LENGTH DATA ELEMENTS--GENERAL INFORMATION
fixed length control field 120416s0000 ||||||||||||||||| || u
020 ## - INTERNATIONAL STANDARD BOOK NUMBER
International Standard Book Number 0851393977
050 ## - LIBRARY OF CONGRESS CALL NUMBER
Classification number NA 6330 Adi
100 ## - MAIN ENTRY--PERSONAL NAME
Personal name Adie, Donald W
245 10 - TITLE STATEMENT
Title Marines
246 ## - VARYING FORM OF TITLE
Title proper/short title a working guide to their development and design
250 ## - EDITION STATEMENT
Edition statement 3rd ed.
260 ## - PUBLICATION, DISTRIBUTION, ETC.
Place of publication, distribution, etc. London
Name of publisher, distributor, etc. Architectural Press
Date of publication, distribution, etc. 1984
300 ## - PHYSICAL DESCRIPTION
Extent 367p. : ill.
350 ## - PRICE (NR) (BK AM CF MU VM SE) [OBSOLETE]
Price 0.00
995 ## - RECOMMENDATION 995 [LOCAL, UNIMARC FRANCE]
-- 0.00
-- CBU-MAIN LIBRARY (Kitwe)
-- 1
-- 49.50
-- AVAILABLE
-- Annex Low-Usage Collection
Holdings
Withdrawn status Lost status Source of classification or shelving scheme Damaged status Not for loan Home library Current library Shelving location Date acquired Total Checkouts Full call number Barcode Date last seen Price effective from Koha item type
          CBU-MAIN LIBRARY, KITWE. CBU-MAIN LIBRARY, KITWE.   11/30/2022   NA 6330 Adi 009893 11/30/2022 11/30/2022 MONOGRAPH